[Event "III Open"]
[Site "Bergamo ITA"]
[Date "2004.07.23"]
[Round "4"]
[White "Vezzosi, Paolo"]
[Black "Dallaglio, Giovanni"]
[Result "1-0"]
[WhiteElo "2350"]
[BlackElo "2057"]
[PlyCount "99"]
[EventDate "2004.07.22"]

1. d4 d5 2. c4 dxc4 3. Nf3 Nf6 4. e3 e6 5. Bxc4 c5 6. O-O cxd4 7. exd4 Be7 8.
Nc3 O-O 9. Bg5 Nc6 10. Re1 b6 11. a3 Na5 12. Ba2 Bb7 13. Qd3 Nd5 14. Bd2 Rc8
15. Rad1 Nxc3 16. Bxc3 Bd5 17. Bb1 g6 18. Ne5 Nc4 19. Qg3 Bh4 20. Qg4 f5 21.
Qh3 Bf6 22. Bd3 Nxe5 23. dxe5 Be7 24. Ba6 Rc7 25. Qg3 Bh4 26. Qf4 Be7 27. Rd3
Qa8 28. Rg3 Bb7 29. Bf1 Qd8 30. Bb4 Bxb4 31. Qxb4 Rc5 32. h4 Qc7 33. h5 Kg7 34.
Qf4 Qe7 35. Ree3 Rh8 36. Rg5 Qc7 37. Rgg3 Qe7 38. Bd3 Bc8 39. Bf1 Bb7 40. b4
Rc1 41. hxg6 hxg6 42. Rxg6+ Kxg6 43. Rg3+ Kf7 44. Qxc1 Bd5 45. Rc3 Rd8 46. Qh6
Rg8 47. Qh5+ Kf8 48. Qh6+ Kf7 49. Qh7+ Rg7 50. Qh5+ 1-0

[Event "III Open"]
[Site "Bergamo ITA"]
[Date "2004.07.23"]
[Round "4"]
[White "Wall, Gavin"]
[Black "Rossi, Giampiero"]
[Result "1-0"]
[WhiteElo "2405"]
[BlackElo "2012"]
[PlyCount "39"]
[EventDate "2004.07.22"]

1. e4 c5 2. Nf3 e6 3. c3 d5 4. e5 d4 5. Bd3 Nc6 6. O-O Nge7 7. Re1 Ng6 8. g3
Be7 9. h4 O-O 10. h5 Nh8 11. Qc2 g6 12. Na3 a6 13. Be4 Qc7 14. cxd4 cxd4 15.
Nxd4 Bxa3 16. bxa3 Qxe5 17. Nxc6 bxc6 18. hxg6 hxg6 19. Bb2 Qc7 20. Bf6 1-0

[Event "III Open"]
[Site "Bergamo ITA"]
[Date "2004.07.24"]
[Round "5"]
[White "Annoni, Riccardo"]
[Black "Regorda, Vittorio"]
[Result "1-0"]
[WhiteElo "2086"]
[BlackElo "1784"]
[PlyCount "83"]
[EventDate "2004.07.22"]

1. e4 e6 2. d4 d5 3. e5 c5 4. c3 Nc6 5. Nf3 Qb6 6. Bd3 Bd7 7. dxc5 Bxc5 8. Qe2
Qc7 9. O-O Nge7 10. b4 Bb6 11. Na3 a6 12. Bd2 O-O 13. c4 Nd4 14. Bxh7+ Kh8 15.
Nxd4 Kxh7 16. c5 Ba7 17. Qh5+ Kg8 18. Nf3 g6 19. Qg5 Nf5 20. g4 Ng7 21. Qh6 f6
22. exf6 Rxf6 23. Bc3 Rf7 24. Ng5 Qf4 25. h3 Bb8 26. Qh7+ Kf8 27. Bxg7+ Rxg7
28. Qh8+ Rg8 29. Qh6+ Ke8 30. Rfe1 Kd8 31. Nxe6+ Bxe6 32. Qxf4 Bxf4 33. Rxe6
Kc7 34. Re7+ Kb8 35. Rd1 Rd8 36. Nc4 Bc7 37. Ne5 g5 38. Nf7 Rf8 39. Rxd5 Kc8
40. Rdd7 Bd8 41. Nxd8 Rxd8 42. Rc7+ 1-0

[Event "III Open"]
[Site "Bergamo ITA"]
[Date "2004.07.24"]
[Round "5"]
[White "Blum, Gernot"]
[Black "Belotti, Bruno"]
[Result "0-1"]
[WhiteElo "2190"]
[BlackElo "2417"]
[PlyCount "102"]
[EventDate "2004.07.22"]

1. c4 g6 2. Nc3 Bg7 3. Nf3 d6 4. g3 e5 5. Bg2 Nc6 6. Rb1 a5 7. a3 Nf6 8. d3 O-O
9. O-O Re8 10. e4 Bg4 11. h3 Bxf3 12. Bxf3 Nd7 13. Bg2 Nd4 14. Ne2 Nxe2+ 15.
Qxe2 a4 16. Be3 Nc5 17. f4 Qe7 18. f5 Bf6 19. h4 Kh8 20. Rf2 Rg8 21. Rbf1 g5
22. hxg5 Bxg5 23. f6 Qf8 24. Rf5 Qh6 25. Rxg5 Rxg5 26. Rf5 Rag8 27. Rxg5 Rxg5
28. Qd2 Ne6 29. Qf2 b6 30. Bf1 Qg6 31. Bxg5 Qxg5 32. Kh2 Nc5 33. Kh3 Nd7 34.
Be2 Nxf6 35. Bd1 Kg7 36. Bxa4 Qh6+ 37. Kg2 Ng4 38. Qe2 Qg5 39. b4 h5 40. Bd7
Nf6 41. Bf5 h4 42. Qf3 Kf8 43. g4 Nh5 44. Kh3 Nf4+ 45. Kh2 c5 46. Qe3 Qd8 47.
Qd2 Qa8 48. bxc5 dxc5 49. Qb2 Qa5 50. g5 Qe1 51. a4 51... Qg3+ {...} 0-1

[Event "III Open"]
[Site "Bergamo ITA"]
[Date "2004.07.24"]
[Round "5"]
[White "Capata, Ion"]
[Black "Giacometto, Mario"]
[Result "1-0"]
[WhiteElo "2126"]
[BlackElo "1925"]
[PlyCount "61"]
[EventDate "2004.07.22"]

1. e4 Nf6 2. e5 Nd5 3. d4 d6 4. c4 Nb6 5. exd6 exd6 6. Bd3 g6 7. Nf3 Bg7 8.
Qe2+ Qe7 9. Qxe7+ Kxe7 10. O-O h6 11. Nc3 Nc6 12. c5 dxc5 13. dxc5 Bxc3 14.
cxb6 Ba5 15. bxa7 Nxa7 16. Be3 Bd7 17. Bc5+ Kd8 18. Bc4 f6 19. Rad1 Bb6 20. Be6
Rh7 21. Bxb6 cxb6 22. Nh4 Kc7 23. Bxd7 Rxd7 24. Nxg6 Rg7 25. Nf4 Kc6 26. Rd5 b5
27. Rc1+ Kb6 28. Rd6+ Nc6 29. Nd5+ Ka5 30. Rc3 b4 31. Rc5+ 1-0

[Event "III Open"]
[Site "Bergamo ITA"]
[Date "2004.07.24"]
[Round "5"]
[White "Drazic, Sinisa"]
[Black "Lalic, Bogdan"]
[Result "1/2-1/2"]
[WhiteElo "2461"]
[BlackElo "2527"]
[PlyCount "26"]
[EventDate "2004.07.22"]

1. e4 e6 2. d4 d5 3. Nd2 c5 4. Ngf3 Nc6 5. exd5 exd5 6. dxc5 Bxc5 7. Nb3 Bd6 8.
Bd3 Nge7 9. O-O O-O 10. Re1 h6 11. h3 Nf5 12. Be3 Nxe3 13. Rxe3 Qf6 1/2-1/2

[Event "III Open"]
[Site "Bergamo ITA"]
[Date "2004.07.24"]
[Round "5"]
[White "Johnsen, Rune"]
[Black "Wall, Gavin"]
[Result "0-1"]
[WhiteElo "1440"]
[BlackElo "2405"]
[PlyCount "54"]
[EventDate "2004.07.22"]

1. e4 e5 2. Nf3 d6 3. d4 exd4 4. Nxd4 Nf6 5. Nc3 Be7 6. Bd3 O-O 7. O-O Nc6 8.
Nxc6 bxc6 9. Bf4 Rb8 10. e5 dxe5 11. Bxe5 Ng4 12. Re1 Nxe5 13. Rxe5 Rxb2 14.
Qf3 Bd6 15. Rh5 h6 16. Rd1 Re8 17. Ne4 Qe7 18. Re1 Be6 19. Ng5 Bc4 20. Bh7+ Kh8
21. Be4 Qf6 22. Qxf6 gxf6 23. Rxh6+ Kg7 24. Rh7+ Kg8 25. Rh3 fxg5 26. Bh7+ Kg7
27. Be4 Rxe4 0-1

[Event "III Open"]
[Site "Bergamo ITA"]
[Date "2004.07.24"]
[Round "5"]
[White "Ortega, Lexy"]
[Black "Andersen, Alf R."]
[Result "1-0"]
[WhiteElo "2430"]
[BlackElo "2186"]
[PlyCount "87"]
[EventDate "2004.07.22"]

1. d4 f5 2. Nc3 Nf6 3. Bg5 g6 4. Bxf6 exf6 5. e3 d5 6. Qf3 c6 7. Bd3 b6 8. h3
Ba6 9. Bxa6 Nxa6 10. g4 fxg4 11. hxg4 Bb4 12. Nge2 O-O 13. O-O-O Nc7 14. Nf4
Bxc3 15. bxc3 Qe7 16. Rh6 Rf7 17. Rdh1 Nb5 18. Kd2 Nd6 19. Qh3 Ne4+ 20. Ke2 Re8
21. Rxg6+ Kh8 22. Rh6 Qb7 23. Qh5 Qd7 24. Ng6+ Kg8 25. Nh4 c5 26. Nf5 Ng5 27.
Nd6 Re6 28. Rg6+ Rg7 29. Rxg7+ Qxg7 30. f4 Ne4 31. Nxe4 dxe4 32. d5 Re7 33. d6
Rf7 34. d7 Rf8 35. Qd5+ Kh8 36. Qe6 f5 37. g5 Rd8 38. g6 h6 39. Qe8+ Qg8 40.
Qe5+ Qg7 41. Rxh6+ Kg8 42. Qe6+ Kf8 43. Rh8+ Qxh8 44. Qf7# 1-0

[Event "III Open"]
[Site "Bergamo ITA"]
[Date "2004.07.24"]
[Round "5"]
[White "Piantoni, Roberto"]
[Black "Guglielmi, Dante"]
[Result "1/2-1/2"]
[WhiteElo "2124"]
[BlackElo "1817"]
[PlyCount "84"]
[EventDate "2004.07.22"]

1. d4 d5 2. Nf3 Nf6 3. e3 e6 4. Bd3 Nbd7 5. Nbd2 Bd6 6. O-O e5 7. e4 O-O 8.
exd5 exd4 9. Ne4 Be7 10. d6 cxd6 11. Nxd4 Ne5 12. Nxf6+ Bxf6 13. Bf5 Bxf5 14.
Nxf5 d5 15. c3 Qd7 16. Nd4 Nc4 17. Rb1 Rfe8 18. Qd3 Re4 19. Nc2 Rae8 20. Ne3
Nxe3 21. Bxe3 Qc6 22. Rfd1 Rd8 23. Rbc1 Qa4 24. a3 a6 25. Rc2 Qc4 26. Rcd2 Ree8
27. Bb6 Qxd3 28. Rxd3 Rd6 29. Bc5 Rde6 30. Be3 d4 31. cxd4 Bg5 32. d5 Re5 33.
d6 Bxe3 34. fxe3 Rd8 35. Rc1 Kf8 36. Rc7 Rb5 37. Rc2 Ke8 38. e4 f6 39. b4 Rd7
40. Kf2 Kf7 41. Rc5 Rb6 42. Ke3 Ke6 1/2-1/2

[Event "III Open"]
[Site "Bergamo ITA"]
[Date "2004.07.24"]
[Round "5"]
[White "Prusikin, Michael"]
[Black "Bogza, Adina-Maria"]
[Result "1/2-1/2"]
[WhiteElo "2517"]
[BlackElo "2291"]
[PlyCount "49"]
[EventDate "2004.07.22"]

1. d4 Nf6 2. Nf3 g6 3. Bg5 Bg7 4. Nbd2 O-O 5. c3 d6 6. e3 b6 7. Bc4 Bb7 8. O-O
c5 9. b4 Nbd7 10. Rb1 Qc7 11. Qe2 Rab8 12. Rfc1 e5 13. bxc5 bxc5 14. dxe5 dxe5
15. e4 h6 16. Bxf6 Nxf6 17. Rb5 Bc6 18. Rxb8 Rxb8 19. Qe3 Bf8 20. Ne1 h5 21.
Qg5 Kg7 22. f3 Be7 23. Qe3 Nd7 24. Nd3 Nb6 25. Bb3 1/2-1/2

[Event "III Open"]
[Site "Bergamo ITA"]
[Date "2004.07.24"]
[Round "5"]
[White "Sorcinelli, Francesco"]
[Black "Frova, Martino"]
[Result "1-0"]
[WhiteElo "2096"]
[BlackElo "1700"]
[PlyCount "47"]
[EventDate "2004.07.22"]

1. e4 c5 2. Nc3 Nc6 3. Nge2 g6 4. d4 cxd4 5. Nxd4 Bg7 6. Be3 d6 7. Qd2 Nf6 8.
f3 O-O 9. O-O-O a6 10. g4 Ne5 11. Bh6 Be6 12. h4 Rc8 13. Bxg7 Kxg7 14. h5 Bxg4
15. fxg4 Nexg4 16. hxg6 Kxg6 17. Nf5 h5 18. Rg1 Kh7 19. Bh3 Rxc3 20. Bxg4 Rxc2+
21. Kxc2 Nxg4 22. Rxg4 Qc8+ 23. Kb1 Qe6 24. Rh1 1-0

[Event "III Open"]
[Site "Bergamo ITA"]
[Date "2004.07.24"]
[Round "5"]
[White "Zozulia, Anna"]
[Black "Pirola, Andrea"]
[Result "1-0"]
[WhiteElo "2324"]
[BlackElo "2088"]
[PlyCount "67"]
[EventDate "2004.07.22"]

1. e4 Nf6 2. e5 Nd5 3. d4 d6 4. c4 Nb6 5. exd6 cxd6 6. Nc3 g6 7. Be3 Bg7 8. Rc1
O-O 9. Be2 Nc6 10. Nf3 Bg4 11. b3 Nd7 12. O-O h6 13. Qd2 Kh7 14. Rfd1 Nf6 15.
h3 Bxf3 16. Bxf3 Qd7 17. d5 Ne5 18. Be2 Qc8 19. f4 Ned7 20. Bd3 Nc5 21. Bb1 Kg8
22. f5 g5 23. h4 Ng4 24. hxg5 hxg5 25. Bxg5 Nd7 26. Ne4 f6 27. Bf4 Nde5 28. c5
Qe8 29. cxd6 exd6 30. Nxd6 Qh5 31. Rc3 Bh6 32. Be4 Nf2 33. Kxf2 Bxf4 34. Qxf4
1-0

[Event "III Open"]
[Site "Bergamo ITA"]
[Date "2004.07.24"]
[Round "6"]
[White "Elitropi, Giorgio"]
[Black "Piantoni, Roberto"]
[Result "1/2-1/2"]
[WhiteElo "1831"]
[BlackElo "2124"]
[PlyCount "50"]
[EventDate "2004.07.22"]

1. f4 e5 2. e4 exf4 3. Nf3 Be7 4. Nc3 Bh4+ 5. Ke2 d6 6. d4 Bg4 7. Bxf4 Nc6 8.
Qd3 f5 9. Kd2 Bxf3 10. gxf3 Bg5 11. Qe3 Bxf4 12. Qxf4 Nge7 13. Rd1 O-O 14. Kc1
Qe8 15. Rg1 Kh8 16. Bc4 a6 17. Qg5 Qg6 18. Qh4 Qf6 19. Qxf6 Rxf6 20. Nd5 Nxd5
21. Bxd5 Nd8 22. Rg2 c6 23. e5 Rh6 24. Bb3 b5 25. exd6 Rxd6 1/2-1/2

[Event "III Open"]
[Site "Bergamo ITA"]
[Date "2004.07.24"]
[Round "6"]
[White "Ivanov, Mikhail M."]
[Black "Castellano, Fabio Marco"]
[Result "1-0"]
[WhiteElo "2463"]
[BlackElo "1946"]
[PlyCount "77"]
[EventDate "2004.07.22"]

1. d4 Nf6 2. c4 g6 3. Nc3 Bg7 4. e4 d6 5. Nge2 O-O 6. Ng3 e5 7. d5 a5 8. Be2
Na6 9. h4 h5 10. Bg5 Qe8 11. Qd2 Nh7 12. Bh6 f5 13. Bxg7 Kxg7 14. exf5 Bxf5 15.
f3 Nc5 16. O-O-O Qf7 17. Rdf1 Kh8 18. Qe3 Rae8 19. Nge4 Bxe4 20. fxe4 Qg7 21.
Kc2 Rxf1 22. Rxf1 Rf8 23. g3 Rxf1 24. Bxf1 Nf6 25. Bh3 Kh7 26. b3 Qf7 27. a3
Ng4 28. Bxg4 hxg4 29. b4 Qf3 30. Qxf3 gxf3 31. Kd2 axb4 32. axb4 f2 33. Ke2 Nd3
34. Nb5 f1=Q+ 35. Kxf1 Nxb4 36. Nxc7 Nc2 37. Ke2 Nd4+ 38. Ke3 Kg7 39. Ne8+ 1-0

[Event "III Open"]
[Site "Bergamo ITA"]
[Date "2004.07.24"]
[Round "6"]
[White "Lapiccirella, Daniele"]
[Black "Nemeth, Viktoria"]
[Result "1-0"]
[WhiteElo "2104"]
[BlackElo "1912"]
[PlyCount "53"]
[EventDate "2004.07.22"]

1. d4 d5 2. c4 e6 3. Nc3 Nf6 4. cxd5 exd5 5. Bg5 Be7 6. e3 O-O 7. Bd3 h6 8. Bh4
Bg4 9. f3 Be6 10. Qc2 Nbd7 11. Nge2 c5 12. O-O c4 13. Bf5 Bxf5 14. Qxf5 Qa5 15.
e4 Rfe8 16. Nf4 Nb6 17. e5 Nfd7 18. Bxe7 Rxe7 19. Nh5 Rf8 20. f4 Na4 21. Nxa4
Qxa4 22. Rf3 Qc6 23. Rg3 f6 24. e6 Qb6 25. exd7 Qxd4+ 26. Kh1 Qxb2 27. Nxf6+
1-0

[Event "III Open"]
[Site "Bergamo ITA"]
[Date "2004.07.24"]
[Round "6"]
[White "Pace, Pietro Dario"]
[Black "Ortega, Lexy"]
[Result "0-1"]
[WhiteElo "2133"]
[BlackElo "2430"]
[PlyCount "86"]
[EventDate "2004.07.22"]

1. e4 c5 2. Nf3 e6 3. d3 Nc6 4. g3 g6 5. Bg2 Bg7 6. O-O Nge7 7. c3 e5 8. a3 a5
9. a4 O-O 10. Na3 h6 11. Be3 d6 12. d4 cxd4 13. cxd4 Bg4 14. d5 Nd4 15. Bxd4
exd4 16. Qd3 Qb6 17. Nb5 Rfc8 18. Nfxd4 Bd7 19. Rfb1 Rc5 20. Bf1 Rac8 21. Qe3
g5 22. Nb3 Ng6 23. Nxc5 dxc5 24. Na3 Bd4 25. Nc4 Qf6 26. Qe2 Bg4 27. Qc2 h5 28.
Ra3 Re8 29. Bg2 h4 30. Rb3 h3 31. Bh1 Kh8 32. Rb6 Qg7 33. Kf1 Re7 34. Re1 Bc8
35. Qd2 f6 36. Qxa5 f5 37. Qa8 Re8 38. Qa5 Rf8 39. e5 f4 40. Re2 fxg3 41. hxg3
Bg4 42. Rc2 Nxe5 43. Nxe5 Qxe5 0-1

[Event "III Open"]
[Site "Bergamo ITA"]
[Date "2004.07.24"]
[Round "6"]
[White "Quinn, Mark Peter"]
[Black "Vezzosi, Paolo"]
[Result "1-0"]
[WhiteElo "2406"]
[BlackElo "2350"]
[PlyCount "93"]
[EventDate "2004.07.22"]

1. c4 Nf6 2. Nc3 g6 3. e4 d6 4. d4 Bg7 5. f3 O-O 6. Nge2 c5 7. d5 Na6 8. Bg5
Nc7 9. Qd2 Bd7 10. Ng3 h5 11. Be2 a6 12. Bh6 b5 13. Bxg7 Kxg7 14. O-O bxc4 15.
f4 h4 16. Nh1 Nb5 17. e5 Ne8 18. Bxc4 Nd4 19. Rae1 Nc7 20. Nf2 Rb8 21. Nfe4 Bf5
22. Kh1 Rb6 23. a3 Ndb5 24. Rf2 f6 25. Na4 Rb8 26. Naxc5 dxc5 27. Nxc5 Rb6 28.
a4 Na7 29. a5 Rb5 30. b4 h3 31. d6 fxe5 32. fxe5 Rxc5 33. bxc5 Ncb5 34. e6 Rf6
35. g4 Bxg4 36. Rxf6 Kxf6 37. Qf4+ Bf5 38. Qh4+ Kg7 39. Qxe7+ Qxe7 40. dxe7 Nc7
41. Rd1 Ne8 42. Rd7 Nb5 43. Bxb5 axb5 44. Rd8 Bxe6 45. Rxe8 Kf7 46. Rb8 Kxe7
47. a6 1-0

[Event "III Open"]
[Site "Bergamo ITA"]
[Date "2004.07.24"]
[Round "6"]
[White "Scarpellini, Felice"]
[Black "Lorusso, Giuseppe"]
[Result "1/2-1/2"]
[WhiteElo "1775"]
[BlackElo "1987"]
[PlyCount "61"]
[EventDate "2004.07.22"]

1. c4 e5 2. Nc3 g6 3. g3 Bg7 4. Bg2 c6 5. e4 d6 6. Nge2 Be6 7. d3 Ne7 8. O-O
O-O 9. f4 Nd7 10. Be3 f5 11. Qd2 Rf7 12. Rad1 Nf6 13. h3 Qc7 14. b3 Rd8 15. d4
exd4 16. Nxd4 Bc8 17. exf5 Nxf5 18. Nxf5 Bxf5 19. g4 Bc8 20. Bf2 h5 21. g5 Ne8
22. Bg3 Bf5 23. Kh2 Re7 24. Ne2 Bh8 25. Nd4 Ng7 26. h4 Qd7 27. Rde1 Rxe1 28.
Rxe1 Re8 29. Nf3 Rxe1 30. Qxe1 Ne6 31. Qd2 1/2-1/2

[Event "III Open"]
[Site "Bergamo ITA"]
[Date "2004.07.24"]
[Round "6"]
[White "Wall, Gavin"]
[Black "Drazic, Sinisa"]
[Result "1/2-1/2"]
[WhiteElo "2405"]
[BlackElo "2461"]
[PlyCount "74"]
[EventDate "2004.07.22"]

1. e4 d5 2. exd5 Nf6 3. d4 Nxd5 4. c4 Nb6 5. Nc3 e5 6. Nf3 exd4 7. Qxd4 Qe7+ 8.
Be3 Nc6 9. Qf4 Qb4 10. O-O-O Bd6 11. Qe4+ Be6 12. a3 Qa5 13. Nb5 O-O-O 14. c5
Bxc5 15. Rxd8+ Rxd8 16. Bxc5 a6 17. Bxb6 cxb6 18. Nc3 Bf5 19. Qe3 b5 20. Ne5
Nd4 21. Bd3 b4 22. Bxf5+ Nxf5 23. Qf4 Nd4 24. Rd1 Qc5 25. Rxd4 Qxd4 26. Qf5+
Kb8 27. axb4 f6 28. Ng4 Qxb4 29. Ne3 Qd4 30. Qf3 Ka8 31. Ned5 Rc8 32. Kb1 Rc5
33. Qf5 g6 34. Qf3 f5 35. h4 Qd2 36. h5 Qe1+ 37. Kc2 Rc6 1/2-1/2

[Event "III Open"]
[Site "Bergamo ITA"]
[Date "2004.07.25"]
[Round "7"]
[White "Bassis, Ivano"]
[Black "Sala, Marcello"]
[Result "0-1"]
[WhiteElo "1916"]
[BlackElo "1600"]
[PlyCount "50"]
[EventDate "2004.07.22"]

1. e4 c5 2. Nf3 d6 3. d3 Nc6 4. g3 Bg4 5. Bg2 Nf6 6. O-O e6 7. Nbd2 Be7 8. h3
Bh5 9. g4 Bg6 10. Nh4 Nd7 11. Nxg6 hxg6 12. f4 Qc7 13. Nf3 O-O-O 14. c3 Bh4 15.
Ng5 Nf6 16. e5 dxe5 17. fxe5 Nxe5 18. d4 Nexg4 19. hxg4 Bxg5 20. Bxb7+ Qxb7 21.
Bxg5 Qh1+ 22. Kf2 Rh2+ 23. Kg3 Qg2+ 24. Kf4 Nd5+ 25. Ke5 Qe2+ 0-1

[Event "III Open"]
[Site "Bergamo ITA"]
[Date "2004.07.25"]
[Round "7"]
[White "Belotti, Bruno"]
[Black "Zozulia, Anna"]
[Result "1-0"]
[WhiteElo "2417"]
[BlackElo "2324"]
[PlyCount "81"]
[EventDate "2004.07.22"]

1. e4 c5 2. Nf3 Nc6 3. c3 Nf6 4. e5 Nd5 5. d4 cxd4 6. cxd4 d6 7. Bc4 Nb6 8. Bb5
dxe5 9. Nxe5 Bd7 10. Nxd7 Qxd7 11. Nc3 a6 12. Bxc6 bxc6 13. O-O g6 14. Qb3 Nd5
15. Nxd5 cxd5 16. Bg5 Bg7 17. Qa3 f6 18. Bd2 O-O 19. Rac1 Qb7 20. Rc5 e5 21.
Rfc1 Rf7 22. b4 Bf8 23. Ra5 exd4 24. g3 Rd7 25. Qa4 d3 26. a3 Kg7 27. Qb3 d4
28. Qxd3 Bd6 29. h4 h5 30. Rc4 Be5 31. Rc2 Ra7 32. Bc1 Qb6 33. Bb2 Qe6 34. Rac5
Qg4 35. Kg2 Re7 36. Rc6 f5 37. f4 Bxf4 38. Bxd4+ Be5 39. Bxa7 Rxa7 40. Qe3 Bb8
41. Rc8 1-0

[Event "III Open"]
[Site "Bergamo ITA"]
[Date "2004.07.25"]
[Round "7"]
[White "Capata, Ion"]
[Black "Frova, Martino"]
[Result "0-1"]
[WhiteElo "2126"]
[BlackElo "1700"]
[PlyCount "24"]
[EventDate "2004.07.22"]

1. e4 c5 2. c3 Nf6 3. e5 Nd5 4. d4 cxd4 5. cxd4 Nc6 6. Nf3 d6 7. Nc3 Nb6 8. a4
Bg4 9. a5 Nd7 10. exd6 exd6 11. a6 b6 12. Bb5 12... Bxf3 {...} 0-1

[Event "III Open"]
[Site "Bergamo ITA"]
[Date "2004.07.25"]
[Round "7"]
[White "Malakhatko, Vadim"]
[Black "Quinn, Mark Peter"]
[Result "1-0"]
[WhiteElo "2555"]
[BlackElo "2406"]
[PlyCount "111"]
[EventDate "2004.07.22"]

1. c4 e5 2. Nc3 Nf6 3. Nf3 Nc6 4. a3 g6 5. g3 Bg7 6. Bg2 O-O 7. O-O d6 8. d3 h6
9. Rb1 Be6 10. b4 Qd7 11. b5 Nd4 12. Nd2 c6 13. e3 Nf5 14. Nb3 Ne7 15. Re1 Bh3
16. Bh1 h5 17. a4 h4 18. Ba3 a5 19. bxc6 bxc6 20. Nd2 Rfb8 21. Qc2 hxg3 22.
hxg3 Nf5 23. Nce4 Nh7 24. Nf3 Qd8 25. Rxb8 Rxb8 26. Rb1 Bh6 27. Rxb8 Qxb8 28.
Qb2 Qxb2 29. Bxb2 f6 30. Bc3 d5 31. cxd5 cxd5 32. Ned2 Ne7 33. Bxa5 Bd7 34. Bb4
Nc6 35. Bc5 Bf8 36. Nb3 Nb4 37. Bxf8 Nxf8 38. Nc5 Bc6 39. d4 e4 40. Nd2 Nd7 41.
Ncb3 Nb6 42. a5 Na8 43. Bg2 Nc7 44. Bf1 Kf7 45. g4 Ke7 46. Kg2 Nc2 47. a6 Na3
48. Na5 Be8 49. f3 exf3+ 50. Kxf3 Nab5 51. Bd3 Na7 52. Kf4 g5+ 53. Kf3 Bb5 54.
Bxb5 Ncxb5 55. Nab3 Nc6 56. Nc5 {...} 1-0

[Event "III Open"]
[Site "Bergamo ITA"]
[Date "2004.07.25"]
[Round "7"]
[White "Nemeth, Zoltan"]
[Black "Lalic, Bogdan"]
[Result "1/2-1/2"]
[WhiteElo "2367"]
[BlackElo "2527"]
[PlyCount "27"]
[EventDate "2004.07.22"]

1. Nf3 Nf6 2. g3 b5 3. Bg2 Bb7 4. O-O d5 5. b3 e6 6. Bb2 c5 7. Ne5 Qc7 8. d4
cxd4 9. Qxd4 Be7 10. a4 b4 11. c4 dxc4 12. Qxc4 Qxc4 13. Nxc4 Bxg2 14. Kxg2
1/2-1/2

[Event "III Open"]
[Site "Bergamo ITA"]
[Date "2004.07.25"]
[Round "7"]
[White "Ortega, Lexy"]
[Black "Wall, Gavin"]
[Result "1-0"]
[WhiteElo "2430"]
[BlackElo "2405"]
[PlyCount "53"]
[EventDate "2004.07.22"]

1. d4 f5 2. Nc3 Nf6 3. Bg5 d5 4. Bxf6 exf6 5. e3 Be6 6. Qf3 Nc6 7. Bb5 Qd6 8.
Nge2 O-O-O 9. a3 Ne7 10. Nf4 Bf7 11. Nd3 c6 12. Ba4 h5 13. b4 h4 14. Qd1 b6 15.
O-O g5 16. Qd2 Bh6 17. b5 c5 18. dxc5 bxc5 19. b6 axb6 20. Nb5 Qb8 21. Qc3 Be8
22. Nxc5 bxc5 23. Qxc5+ Nc6 24. Rab1 Rh7 25. Nd4 Qa7 26. Rb6 Qxa4 27. Nxc6 1-0

[Event "III Open"]
[Site "Bergamo ITA"]
[Date "2004.07.25"]
[Round "7"]
[White "Piantoni, Pierino"]
[Black "Pirola, Andrea"]
[Result "0-1"]
[WhiteElo "1861"]
[BlackElo "2088"]
[PlyCount "60"]
[EventDate "2004.07.22"]

1. Nf3 d5 2. d4 c5 3. g3 Nc6 4. Bg2 Nf6 5. O-O Bf5 6. h3 e6 7. a3 a6 8. Nbd2
Be7 9. dxc5 Bxc5 10. Nh4 Be4 11. Nxe4 Nxe4 12. c4 Nxg3 13. Nf3 Nxf1 14. Qxf1
dxc4 15. Bg5 Qc7 16. Rd1 O-O 17. Kh1 Be7 18. Qg1 Rad8 19. Rc1 Bxg5 20. Nxg5 Qe5
21. Be4 h6 22. Bxc6 bxc6 23. Nf3 Qxe2 24. Qg2 Rd1+ 25. Rxd1 Qxd1+ 26. Kh2 Qd6+
27. Kh1 Rb8 28. Qg4 Qd5 29. Kh2 Rxb2 30. Kg3 Rb3 0-1

[Event "III Open"]
[Site "Bergamo ITA"]
[Date "2004.07.25"]
[Round "7"]
[White "Piantoni, Roberto"]
[Black "Frhat, Ali"]
[Result "1/2-1/2"]
[WhiteElo "2124"]
[BlackElo "2310"]
[PlyCount "49"]
[EventDate "2004.07.22"]

1. d4 d5 2. Nf3 Nf6 3. e3 c5 4. c3 e6 5. Bd3 Nc6 6. Nbd2 Be7 7. dxc5 Bxc5 8.
O-O O-O 9. e4 dxe4 10. Nxe4 Be7 11. Qe2 Bd7 12. Rd1 Qc7 13. Nxf6+ Bxf6 14. Bg5
Bxg5 15. Nxg5 h6 16. Bh7+ Kh8 17. Bc2 Rad8 18. Qe4 f5 19. Qh4 Bc8 20. Qh5 Ne5
21. Bb3 Qe7 22. Qe2 Ng6 23. Nxe6 Bxe6 24. Qxe6 Qg5 25. Qe2 1/2-1/2

[Event "III Open"]
[Site "Bergamo ITA"]
[Date "2004.07.25"]
[Round "7"]
[White "Pilgaard, Kim"]
[Black "Bonarrigo, Marco"]
[Result "1-0"]
[WhiteElo "2393"]
[BlackElo "1985"]
[PlyCount "69"]
[EventDate "2004.07.22"]

1. e4 e6 2. d4 d5 3. Nc3 Nf6 4. e5 Nfd7 5. f4 c5 6. Nf3 Nc6 7. Be3 a6 8. Qd2 b5
9. dxc5 Nxc5 10. a3 Be7 11. Qf2 Nd7 12. Nd4 Bb7 13. Nxc6 Bxc6 14. Bd3 Bh4 15.
g3 d4 16. Bxd4 Bxh1 17. gxh4 g6 18. O-O-O Bb7 19. h5 Qc7 20. Qh4 Bf3 21. Rg1
Nc5 22. hxg6 Nxd3+ 23. cxd3 Qe7 24. g7 Rg8 25. Qxh7 O-O-O 26. Bb6 Rde8 27. Ne4
Bxe4 28. Qxe4 Kb8 29. Kb1 Rc8 30. d4 Qh4 31. d5 exd5 32. Qxd5 Qxf4 33. Bc5 Qxh2
34. Qd6+ Kb7 35. Qb6+ 1-0

[Event "III Open"]
[Site "Bergamo ITA"]
[Date "2004.07.25"]
[Round "7"]
[White "Prusikin, Michael"]
[Black "Borgo, Giulio"]
[Result "1-0"]
[WhiteElo "2517"]
[BlackElo "2409"]
[PlyCount "97"]
[EventDate "2004.07.22"]

1. d4 d5 2. c4 e6 3. Nf3 Nf6 4. Bg5 c6 5. Nbd2 Be7 6. e3 Ne4 7. Bf4 Bd6 8. Bxd6
Qxd6 9. Rc1 Nxd2 10. Qxd2 Nd7 11. Bd3 dxc4 12. Rxc4 O-O 13. O-O g6 14. Rd1 Re8
15. Bb1 Kg7 16. Qc1 Qe7 17. h3 Qf6 18. Nh2 h5 19. f4 Nb6 20. Rc5 Nd5 21. Be4
Bd7 22. Nf3 Red8 23. Ne5 Be8 24. a3 Qe7 25. Rc2 f6 26. Nd3 Bf7 27. Bf3 Nc7 28.
Rc5 Na6 29. Rc3 Nc7 30. Qd2 Rd6 31. Qe1 Rad8 32. Rdc1 Nd5 33. Rc5 Nb6 34. Qg3
Kf8 35. Be4 Qe8 36. b4 a6 37. R5c2 Kg7 38. Rf2 Nd5 39. Nc5 Qe7 40. Bb1 Re8 41.
Rcf1 Kh6 42. e4 Nb6 43. e5 Rdd8 44. exf6 Qxf6 45. Nxb7 Rxd4 46. Na5 Rc8 47. Nb3
Rd5 48. Be4 Rdd8 49. f5 1-0

[Event "III Open"]
[Site "Bergamo ITA"]
[Date "2004.07.25"]
[Round "7"]
[White "Sala, Giovanni"]
[Black "Schiatti, Piero"]
[Result "1-0"]
[WhiteElo "1766"]
[BlackElo "1973"]
[PlyCount "59"]
[EventDate "2004.07.22"]

1. e4 g6 2. d4 c6 3. c4 d6 4. Nc3 Bg7 5. Be3 Qc7 6. f3 a6 7. Rc1 e5 8. Nge2 Ne7
9. Qd2 h6 10. d5 c5 11. g3 Nd7 12. Bg2 f5 13. O-O Nf6 14. h3 Bd7 15. f4 Nh5 16.
Kh2 fxe4 17. Nxe4 Nf5 18. Bf2 Nf6 19. g4 Nxe4 20. Bxe4 Ne7 21. Bg3 exf4 22.
Nxf4 O-O 23. Nxg6 Nxg6 24. Bxg6 b5 25. Bb1 bxc4 26. Qc2 Rf7 27. Rxf7 Kxf7 28.
Qg6+ Kg8 29. Qh7+ Kf8 30. Rf1+ 1-0

[Event "II Festival Marche Estate Magistrale"]
[Site "Chiaravalle ITA"]
[Date "2004.07.19"]
[Round "1"]
[White "Guglielmi, Giuseppe"]
[Black "Cherki, Thomas"]
[Result "0-1"]
[WhiteElo "1980"]
[BlackElo "2162"]
[PlyCount "72"]
[EventDate "2004.07.19"]

1. d4 Nf6 2. Nf3 e6 3. c4 Bb4+ 4. Nc3 h6 5. e3 O-O 6. Qc2 d6 7. Bd3 Nc6 8. O-O
Bxc3 9. bxc3 e5 10. Nh4 Re8 11. f3 Qe7 12. Bd2 e4 13. fxe4 Nxe4 14. Be1 Na5 15.
Rf4 Nf6 16. Bf2 Bd7 17. Rf1 d5 18. cxd5 Nxd5 19. Re4 Qa3 20. Be1 Rxe4 21. Bxe4
Nxe3 22. Bh7+ Kh8 23. Qf2 Nxf1 24. Bd3 Qe7 25. Kxf1 Be6 26. Kg1 Nc4 27. g4 Re8
28. Ng2 Nd6 29. h3 Bc4 30. Bb1 Bd5 31. Bd2 Ne4 32. Bxe4 Qxe4 33. Bf4 c6 34. a3
Qf3 35. Bd6 Qxh3 36. g5 Re1+ 0-1